000 00324nam a22001337a 4500
008 181121b xxu||||| |||| 00| 0 eng d
020 _a9780781725255
041 _aeng
080 _a4 TH
100 _a610
101 _aSHM
245 _aGuidelines For Exercise Testing And Prespection
_cJames.p
942 _2udc
_cBK
999 _c52286
_d52286